Herby 100 największych miast w Polsce - Statystyki

Ogólne statystyki
  • Ten quiz został rozwiązany 145 razy
  • Średni wynik to 36 z 100
Statystyki odpowiedzi
Obrazkowy Odpowiedź % Poprawnych
Łódź
93%
Warszawa
88%
Katowice
83%
Gdańsk
82%
Kielce
82%
Lublin
82%
Stalowa Wola
80%
Mielec
77%
Wrocław
76%
Kraków
72%
Szczecin
72%
Toruń
71%
Gdynia
68%
Rzeszów
68%
Białystok
67%
Poznań
65%
Radom
65%
Gliwice
63%
Bydgoszcz
59%
Opole
57%
Tarnobrzeg
50%
Tarnów
49%
Zielona Góra
49%
Bielsko-Biała
48%
Bytom
48%
Chełm
48%
Jelenia Góra
46%
Rybnik
44%
Słupsk
44%
Elbląg
43%
Gorzów Wielkopolski
41%
Konin
41%
Mysłowice
39%
Zabrze
38%
Głogów
35%
Koszalin
35%
Lubin
34%
Płock
34%
Sosnowiec
34%
Chorzów
33%
Dąbrowa Górnicza
33%
Legnica
33%
Olsztyn
33%
Przemyśl
33%
Częstochowa
32%
Tychy
32%
Zamość
32%
Siedlce
30%
Wałbrzych
30%
Gniezno
28%
Jastrzębie-Zdrój
28%
Kędzierzyn-Koźle
28%
Bełchatów
27%
Jaworzno
27%
Tarnowskie Góry
27%
Łomża
26%
Piła
26%
Puławy
26%
Suwałki
26%
Piekary Śląskie
23%
Racibórz
23%
Tomaszów Mazowiecki
23%
Grudziądz
22%
Kalisz
22%
Leszno
22%
Ruda Śląska
22%
Zawiercie
22%
Biała Podlaska
20%
Nowy Sącz
20%
Ostrów Wielkopolski
20%
Świętochłowice
20%
Tczew
20%
Wodzisław Śląski
20%
Dębica
18%
Kołobrzeg
18%
Ostrołęka
18%
Rumia
18%
Wejherowo
18%
Żory
18%
Legionowo
17%
Pabianice
17%
Pruszków
17%
Siemianowice Śląskie
17%
Skierniewice
17%
Stargard
17%
Włocławek
17%
Ełk
16%
Otwock
16%
Piaseczno
15%
Inowrocław
13%
Piotrków Trybunalski
13%
Starachowice
13%
Świdnica
13%
Ząbki
13%
Zgierz
12%
Marki
11%
Krosno
10%
Ostrowiec Świętokrzyski
10%
Będzin
9%
Starogard Gdański
7%
Nie znaleziono quizów pasujących do podanych kryteriów
Rozkład punktacji
Procent ludzi z każdym wynikiem
Percentyl według liczby udzielonych odpowiedzi
Twoja historia wyników
Nie rozwiązałeś tego quizu